Państwa leżące w pierścieniu na mapie świata - Statystyki

Ogólne statystyki
  • Ten quiz został rozwiązany 29 razy
  • Średni wynik to 29 z 31
Odpowiedzi na mapie
Odpowiedzi zakodowano w zielono-czerwonej skali na mapie do tego quizu, zgodnie z poniższymi procentami.
 
Statystyki odpowiedzi
Kraj % Poprawnych
Brazylia
100%
Gujana
100%
Kanada
100%
Kolumbia
100%
Meksyk
100%
Panama
100%
Stany Zjednoczone
100%
Surinam
100%
Wenezuela
100%
Algieria
96%
Andora
96%
Dania
96%
Francja
96%
Gwatemala
96%
Hiszpania
96%
Honduras
96%
Kostaryka
96%
Maroko
96%
Nikaragua
96%
Salwador
96%
Irlandia
93%
Islandia
93%
Mali
93%
Mauretania
93%
Senegal
93%
Wielka Brytania
93%
Belize
89%
Gwinea
85%
Gambia
81%
Sierra Leone
81%
Gwinea Bissau
78%
Nie znaleziono quizów pasujących do podanych kryteriów
Rozkład punktacji
Procent ludzi z każdym wynikiem
Percentyl według liczby udzielonych odpowiedzi
Twoja historia wyników
Nie rozwiązałeś tego quizu